LEADER 00989cam2 22002771 450 001 SOBE00046170 005 20150302152011.0 010 $a9788837078195 100 $a20150302d2010 |||||ita|0103 ba 101 $aita 102 $aIT 200 1 $a<<6: >>Collezioni Settala e Litta Modignani$earti applicate da donazioni diverse$enumismatica 210 $aMilano$cElecta$cIntesa SanPaolo$d2010 215 $a441 p.$cill.$d25x25 cm 300 $aIn custodia 461 1$1001SOBE00046164$12001 $aPinacoteca Ambrosiana$v6 710 02$a*Pinacoteca *Ambrosiana$3SOBA00010916$4070$0326973 801 0$aIT$bUNISOB$c20150302$gRICA 850 $aUNISOB 852 $aUNISOB$j700|Coll|75|K$m165549 912 $aSOBE00046170 940 $aM 102 Monografia moderna SBN 941 $aM 957 $a700|Coll|75|K$b000006$gSI$d165549$n20150227$rdono$tV$1menle$2UNISOB$3UNISOB$420150302151437.0$520150302151509.0$6menle 996 $aCollezioni Settala e Litta Modignani$91710649 997 $aUNISOB LEADER 05955nam 22007215 450 001 9910409686903321 005 20250916235901.0 010 $a3-030-18917-1 024 7 $a10.1007/978-3-030-18917-4 035 $a(CKB)4100000011325608 035 $a(MiAaPQ)EBC6271305 035 $a(DE-He213)978-3-030-18917-4 035 $a(PPN)248597353 035 $a(MiAaPQ)EBC6248591 035 $a(MiAaPQ)EBC29090522 035 $a(iGPub)SPNA0068025 035 $a(EXLCZ)994100000011325608 100 $a20200629d2020 u| 0 101 0 $aeng 135 $aurcnu|||||||| 181 $ctxt$2rdacontent 182 $cc$2rdamedia 183 $acr$2rdacarrier 200 10$aEntomovectoring for Precision Biocontrol and Enhanced Pollination of Crops /$fedited by Guy Smagghe, Otto Boecking, Bettina Maccagnani, Marika Mänd, Peter G. Kevan 205 $a1st ed. 2020. 210 1$aCham :$cSpringer International Publishing :$cImprint: Springer,$d2020. 215 $a1 online resource (x, 277 pages) 311 08$a3-030-18916-3 320 $aIncludes bibliographical references. 327 $a1.Agroecosystem design supports the activity of pollinator networks -- 2. Ecological Intensification: Managing Biocomplexity and Biodiversity in Agriculture through Pollinators, Pollination and Deploying Biocontrol Agents against Crop and Pollinator Diseases, Pests, and Parasites -- 3. Bee pollination of crops: a natural and cost-free ecological service -- 4. Solitary bees as pollinators -- 5. Bumble bees and entomovectoring in open field conditions -- 6. Dispensers for entomovectoring: for every bee another type? -- 7. Cases on entomovectoring in the greenhouse and open field -- 8. A case study: Use of Prestop® Mix biofungicide in entomovectoring on apple against storage rot diseases -- 9. Threat of Drosophila suzukii as an invasive species and the potential of entomovectoring -- 10.The potential of bee vectoring in coffee in Brazil -- 11. Using bumblebees (Bombus terrestris) as bioagent vectors to control Sclerotinia head rot on sunflower in Serbia -- 12. Advances in the implementation of Beevector Technologi in Colombia: Strawberry case (Fragaria X ananassa) -- 13-Making a pest beneficial: Fungus gnats [Bradysia impatiens (Diptera: Sciaridea)] as potential vectors of microbial control agents to suppress pathogens they also spread -- 14. Regulatory processes surrounding the risk assessment of microbial pesticides for pollinators -- 15. Flying Doctors for a better quality in fruit production. 330 $aThis book examines entomovectoring, which employs crop pollinators to spread biocontrol protections against plant pathogens. The book describes research and development of the process, also known as apivectoring and beevectoring, for use both in pollination and in the delivery of biocontrol agents against crop and pollinator diseases, pests, and parasites. The opening chapters show how design of agrosystems can support the activity of pollinator networks, and describe bee pollination as a natural and cost-free ecological service. Individual chapters cover bumble bees and solitary bees as pollinators. The book outlines ways that entomovectoring can be used to increase biocomplexity and biodiversity in agriculture. Also included is a chapter on the threat of Drosophila suzukii, an invasive fruit fly that infests ripening fruit, and the prospect of improved control using entomovectoring. Another chapter discusses the prospect of using a species of fungus gnat as a potential vector of microbial control agents, to suppress pathogens that they also spread. A wide variety of crops are covered, including apples, strawberries, coffee, and sunflowers. The book describes studies on use of entomovectoring in both open fields and greenhouse settings. Another case study reviews the use of a commercial biofungicide via entomovectoring, to combat storage rot diseases in apples. Coverage also includes Flying Doctors, a precision pollination system that uses pre-collected pollen delivered by bumble bees to replace artificial pollination via dusting or phytohormones. Entomovectoring for Precision Biocontrol and Enhanced Pollination of Crops benefits graduate-level students in agriculture, plant pathology and entomology, as well as academics, researchers, working horticulturists and apiculturists, and those involved in formulating agricultural policy and regulations. 606 $aEntomology 606 $aAgriculture 606 $aPlant diseases 606 $aEntomology$3https://scigraph.springernature.com/ontologies/product-market-codes/L25090 606 $aAgriculture$3https://scigraph.springernature.com/ontologies/product-market-codes/L11006 606 $aPlant Pathology$3https://scigraph.springernature.com/ontologies/product-market-codes/L24035 606 $aPol·linització per insectes$2thub 606 $aPatologia vegetal$2thub 606 $aControl de plagues$2thub 608 $aLlibres electrònics$2thub 615 0$aEntomology. 615 0$aAgriculture. 615 0$aPlant diseases. 615 14$aEntomology. 615 24$aAgriculture. 615 24$aPlant Pathology. 615 7$aPol·linització per insectes. 615 7$aPatologia vegetal 615 7$aControl de plagues 676 $a582.01662 702 $aSmagghe$b Guy$4edt$4http://id.loc.gov/vocabulary/relators/edt 702 $aBoecking$b Otto$4edt$4http://id.loc.gov/vocabulary/relators/edt 702 $aMaccagnani$b Bettina$4edt$4http://id.loc.gov/vocabulary/relators/edt 702 $aMänd$b Marika$4edt$4http://id.loc.gov/vocabulary/relators/edt 702 $aKevan$b Peter G.$f1944-$4edt$4http://id.loc.gov/vocabulary/relators/edt 801 0$bMiAaPQ 801 1$bMiAaPQ 801 2$bMiAaPQ 906 $aBOOK 912 $a9910409686903321 996 $aEntomovectoring for Precision Biocontrol and Enhanced Pollination of Crops$92510070 997 $aUNINA